000 01092cam a2200313 i 4500
001 30812
003 Mx-PuUPA
005 20250421085210.0
008 140415s2005 mx a gr 001 0 spa d
020 _a9702407834
040 _cmx
_aMx-PuUPA
_bspa
_dMx-PuUPA
_erda
041 0 _aspa
100 1 _aArredondo González, Ma. Magdalena,
_q(María Magdalena)
_916951
245 1 0 _aContabilidad y análisis de costos /
_cMa. Magdalena Arredondo González
250 _aPrimera edición
264 1 _aMéxico, D.F. :
_bCompañía Editorial Continental,
_c2005
300 _axvi, 208 páginas :
_bilustraciones ;
_c25 cm
336 _2rdacontent
_atexto
_btxt
337 _2rdamedia
_asin medio
_bn
338 _2rdacarrier
_avolumen
_bnc
500 _aReimpresiones: (Primera reimpresión, 2006)
650 7 _2armarc
_aContabilidad de costos
650 7 _2armarc
_aContabilidad
942 _2ddc
_cLI
_h657.42
_iA77
999 _c30812
_d30812